آيات في علوم الفضاء / (رقم التسجيلة. 16457)

تفاصيل مارك
000 -الفاتح
عناصر البيانات ثابتة الطول 00630cam a2200193 i 4500
005 - تاريخ ووقت آخر معاملة
حقل ضبط 20251127103502.0
008 - عناصر البيانات ثابتة الطول
عناصر البيانات ثابتة الطول 250721s1998 sy gr 000 0 ara d
082 14 - رقم تصنيف ديوي العشري
رقم التصنيف 211.952
رقم المادة س ي و
100 1# - مدخل رئيسي – اسم شخصي
الاسم الشخصي سيوف، فواز نصرو
علاقة الشخص بالعمل/ دوره مؤلف.
245 10 - بيان العنوان
العنوان آيات في علوم الفضاء /
بيان المسؤولية الدكتور فواز نصرو سيوف.
264 31 - بيانات النشر، التوزيع…إلخ
مكان النشر، التوزيع...إلخ دمشق :
اسم الناشر، الموزع...إلخ دار الزهراء،
تاريخ النشر، التوزيع...إلخ 1998.
300 ## - الوصف المادي
عدد الوحدات المكونة للوعاء 157صفحه.
490 0# - بيان السلسلة
عنوان السلسلة تفكر في خلق الله .
650 17 - مدخل إضافي بالموضوع - مصطلح موضوعي
مصطلح موضوعي أو اسم جغرافي كعنصر مدخل الفضاء
650 17 - مدخل إضافي بالموضوع - مصطلح موضوعي
مصطلح موضوعي أو اسم جغرافي كعنصر مدخل إعجاز القرآن
830 #0 - مدخل إضافي بالسلسلة-عنوان مقنن
عنوان السلسسلة تفكر في خلق الله .
942 ## - بيانات إضافية (كوها)
نوع التنصيف Dewey Decimal Classification
نوع المادة (كوها) كتب
المقتنيات
حالة السحب حالة الفقدان مصدر التصنيف حالة التلف غير قابل للإعارة المكتبة الرئيسية المكتبة الحالية موقع الرف تاريخ التزويد الرقم المتسلسل Total Checkouts رقم الإستدعاء الباركود تاريخ آخر ظهور تاريخ الفاتورة نوع المادة (كوها)
    Dewey Decimal Classification     المكتبة المركزية المكتبة المركزية الإعارة 06/07/2004 285264   211.952 / س ي و 285264 28/07/2025 06/07/2004 كتب
    Dewey Decimal Classification Unchecked   مكتبة أبو علندا العامة مكتبة أبو علندا العامة الإعارة 06/07/2004 285276   211.952/سيو   28/07/2025 06/07/2004 كتب
    Dewey Decimal Classification Unchecked   مكتبة أم قصير والمقابلين العامة مكتبة أم قصير والمقابلين العامة الإعارة 06/07/2004 285275   211.952/سيو   28/07/2025 06/07/2004 كتب
    Dewey Decimal Classification Unchecked   مكتبة الأميرة ايمان العامة مكتبة الأميرة ايمان العامة الإعارة 06/07/2004 285267   211.952/سيو   28/07/2025 06/07/2004 كتب
    Dewey Decimal Classification Unchecked   مكتبة الجويدة مكتبة الجويدة الإعارة 06/07/2004 285271   211.952/سيو   28/07/2025 06/07/2004 كتب
    Dewey Decimal Classification     مكتبة الحسن العامة مكتبة الحسن العامة الإعارة 29/07/2018 285272   211.952/سيو PLD00425395 28/07/2025 29/07/2018 كتب
    Dewey Decimal Classification Unchecked   مكتبة صويلح العامة مكتبة صويلح العامة الإعارة 06/07/2004 285268   211.952/سيو   28/07/2025 06/07/2004 كتب
    Dewey Decimal Classification     مكتبة عدن للأطفال مكتبة عدن للأطفال الإعارة 11/02/2025 1793224   211.952/سيو PLD00515329 28/07/2025 11/02/2025 كتب
    Dewey Decimal Classification Unchecked   مكتبة وادي السير العامة مكتبة وادي السير العامة الإعارة 06/07/2004 285277   211.952/سيو   28/07/2025 06/07/2004 كتب
Implemented & Customized by: BBB with SCIT (Smart Chains for Information Technology)

Powered by Koha